[Event "Almunecar FEDC op 21th"]
[Site "Almunecar"]
[Date "2018.10.07"]
[Round "6"]
[White "Escabias Perez, Miguel"]
[Black "Bravo de los Santos, Francisco"]
[Result "1/2-1/2"]
[WhiteElo "1472"]
[BlackElo "1588"]
[PlyCount "102"]
[EventDate "2018.10.02"]
[EventType "swiss"]
[EventRounds "7"]
[EventCountry "ESP"]
[SourceTitle "EXT 2024"]
[Source "ChessBase"]
[SourceDate "2023.10.10"]
[SourceVersion "1"]
[SourceVersionDate "2023.10.10"]
[SourceQuality "1"]

1. e4 c5 2. Nc3 Nc6 3. f4 g6 4. Nf3 Bg7 5. Bc4 e6 6. d3 Nge7 7. f5 d5 8. exd5 exd5 9. Bb3 Bxf5 10. Bg5 Be6 11. 0-0 0-0 12. Qe1 Qd7 13. Qh4 Nf5 14. Qe1 Ncd4 15. Ne5 Qc7 16. Bxd5 Bxd5 17. Nxd5 Qxe5 18. Qxe5 Bxe5 19. Rae1 f6 20. Be3 Nxc2 21. Bxc5 Rac8 22. Bxf8 Nxe1 23. Ne7+ Nxe7 24. Bxe7 Bd4+ 25. Kh1 Nxd3 26. b3 Rc1 27. Rxc1 Nxc1 28. g3 Nxa2 29. Kg2 Kf7 30. Bd6 Ke6 31. Ba3 b5 32. Bf8 Nc1 33. b4 Bc3 34. Bc5 a5 35. bxa5 Bxa5 36. Kf3 Kd5 37. Be3 b4 38. Bxc1 Kc6 39. Bb2 Kc5 40. Ke2 Kc6 41. Bxf6 Kd5 42. Kd3 Bb6 43. Be7 Bc5 44. Bf6 b3 45. Kc3 Ke4 46. Kxb3 Kf3 47. Be5 Kg2 48. h4 Bf2 49. h5 Bxg3 50. Bf6 Bf4 51. hxg6 hxg6 1/2-1/2

[Event "Almunecar FEDC op 21th"]
[Site "Almunecar"]
[Date "2018.10.06"]
[Round "5"]
[White "Bravo de los Santos, Francisco"]
[Black "Jimenez Mahillo, David"]
[Result "1-0"]
[WhiteElo "1588"]
[BlackElo "1367"]
[PlyCount "75"]
[EventDate "2018.10.02"]
[EventType "swiss"]
[EventRounds "7"]
[EventCountry "ESP"]
[SourceTitle "EXT 2024"]
[Source "ChessBase"]
[SourceDate "2023.10.10"]
[SourceVersion "1"]
[SourceVersionDate "2023.10.10"]
[SourceQuality "1"]

1. e4 e5 2. Nf3 Nc6 3. d4 exd4 4. c3 dxc3 5. Nxc3 Bc5 6. Bc4 d6 7. 0-0 Bg4 8. Qb3 Be6 9. Bxe6 fxe6 10. Ng5 Nd4 11. Qc4 Qd7 12. Be3 Nc2 13. Bxc5 Nxa1 14. Bd4 Nf6 15. Bxf6 gxf6 16. Nxe6 Rc8 17. Rxa1 Rg8 18. Nxc7+ Ke7 19. N7d5+ Kf7 20. Qe2 Qh3 21. Ne3 Rc5 22. Ncd5 Rg5 23. Kh1 Qe6 24. f4 Rg7 25. Qf3 Qc8 26. h3 Qc6 27. Qh5+ Kg8 28. Nxf6+ Kh8 29. Nfd5 Rg3 30. Qh6 Rc1+ 31. Rxc1 Qxc1+ 32. Kh2 Rg7 33. Nf5 Rf7 34. Nde7 Qxb2 35. Qe6 Rf8 36. e5 Rg8 37. Nxg8 Qf2 38. Qf6+ 1-0

[Event "Valladolid Once-ch 23rd"]
[Site "Valladolid"]
[Date "2012.11.25"]
[Round "8"]
[White "Bravo de los Santos, Francisco"]
[Black "Arranz Fraile, Javier"]
[Result "1-0"]
[WhiteElo "1808"]
[BlackElo "1644"]
[PlyCount "54"]
[EventDate "2012.11.18"]
[EventType "swiss"]
[EventRounds "8"]
[EventCountry "ESP"]
[SourceTitle "CBM 151 Extra"]
[Source "ChessBase"]
[SourceDate "2012.12.18"]
[SourceVersion "1"]
[SourceVersionDate "2012.12.18"]
[SourceQuality "1"]

1. e4 e5 2. Nf3 Nf6 3. Nxe5 d6 4. Nf3 Nxe4 5. d4 d5 6. Bd3 Nf6 7. 0-0 Be7 8. Re1 0-0 9. h3 c5 10. c3 c4 11. Bc2 Nc6 12. Nbd2 Re8 13. Nf1 b5 14. Bg5 Nh5 15. Qd2 Be6 16. Re2 g6 17. Rae1 Ng7 18. Ng3 a5 19. Bxe7 Rxe7 20. Qh6 f6 21. h4 Qf8 22. h5 Nf5 23. Nxf5 Bxf5 24. Qxf8+ Rxf8 25. Bxf5 gxf5 26. Re6 Rfe8 27. Rxf6 Kg7 1-0

[Event "ESP-ch blind 22nd"]
[Site "Benidorm"]
[Date "2010.11.20"]
[Round "7"]
[White "Bravo de los Santos, Francisco"]
[Black "Gutierrez Garcia, Julio"]
[Result "1-0"]
[WhiteElo "1877"]
[BlackElo "1654"]
[PlyCount "95"]
[EventDate "2010.11.14"]
[EventType "swiss"]
[EventRounds "8"]
[EventCountry "ESP"]
[SourceTitle "CBM 139 Extra"]
[Source "ChessBase"]
[SourceDate "2011.01.05"]
[SourceVersion "1"]
[SourceVersionDate "2011.01.05"]
[SourceQuality "1"]

1. e4 e6 2. d3 c5 3. Nd2 Nc6 4. Ngf3 d5 5. g3 Nf6 6. Bg2 dxe4 7. dxe4 e5 8. 0-0 Bd6 9. c3 h6 10. Re1 Be6 11. Qe2 a6 12. a4 0-0 13. Nc4 Bxc4 14. Qxc4 Na5 15. Qe2 Rc8 16. Nd2 c4 17. Nf1 Nb3 18. Rb1 Qc7 19. Ne3 g6 20. Bh3 Rcd8 21. Nxc4 Nxc1 22. Rbxc1 Rfe8 23. Bg2 Bf8 24. Ne3 Qa5 25. Qc2 b5 26. axb5 Qxb5 27. Rcd1 Rb8 28. Rd2 h5 29. Nd5 Nxd5 30. exd5 Bd6 31. c4 Qc5 32. Ra1 a5 33. Bf1 Rb6 34. Qa4 Ra8 35. b3 Kf8 36. Rb2 Ke7 37. b4 Qd4 38. Rab1 Qc3 39. Rb3 Rxb4 40. Rxc3 Rxa4 41. c5 Bc7 42. d6+ Bxd6 43. cxd6+ Kxd6 44. Rd1+ Rd4 45. Rdc1 Ra7 46. Rc6+ Kd7 47. Rf6 Rd6 48. Rxf7+ 1-0

[Event "ESP-ch blind 22nd"]
[Site "Benidorm"]
[Date "2010.11.17"]
[Round "4"]
[White "Gamiz Campana, Francisco Javier"]
[Black "Bravo de los Santos, Francisco"]
[Result "1/2-1/2"]
[WhiteElo "1742"]
[BlackElo "1877"]
[PlyCount "106"]
[EventDate "2010.11.14"]
[EventType "swiss"]
[EventRounds "8"]
[EventCountry "ESP"]
[SourceTitle "CBM 139 Extra"]
[Source "ChessBase"]
[SourceDate "2011.01.05"]
[SourceVersion "1"]
[SourceVersionDate "2011.01.05"]
[SourceQuality "1"]

1. e4 c5 2. f4 e6 3. Nf3 d5 4. Nc3 Nc6 5. Bb5 a6 6. Bxc6+ bxc6 7. 0-0 Bd6 8. d3 Ne7 9. Qe1 0-0 10. e5 Bc7 11. Na4 Bb6 12. Kh1 Ba7 13. Qc3 d4 14. Qa3 Qd5 15. Ng5 Nf5 16. Ne4 c4 17. Bd2 a5 18. Rae1 Ba6 19. dxc4 Bxc4 20. Rf3 Rfb8 21. b3 Ba6 22. Nac5 Bxc5 23. Qxc5 Rb5 24. Qxd5 exd5 25. Nf2 Bc8 26. a4 Rbb8 27. Nd3 g6 28. g4 Ng7 29. Rg1 h5 30. gxh5 Nxh5 31. f5 Kh7 32. fxg6+ fxg6 33. Rf7+ Ng7 34. Rgf1 Bf5 35. Ne1 Kg8 36. Rc7 Ra6 37. Kg1 Ne6 38. Re7 Rd8 39. h4 Ng7 40. Bg5 Re8 41. Rxe8+ Nxe8 42. h5 c5 43. Be7 c4 44. bxc4 dxc4 45. Bc5 d3 46. cxd3 cxd3 47. Nxd3 Bxd3 48. Rf8+ Kg7 49. Rxe8 Bf5 50. hxg6 Re6 51. Rxe6 Bxe6 52. Bb6 Kxg6 53. Bxa5 Bb3 1/2-1/2

[Event "ESP-ch blind 22nd"]
[Site "Benidorm"]
[Date "2010.11.14"]
[Round "1"]
[White "Bravo de los Santos, Francisco"]
[Black "Barroso Vilanova, Daniel"]
[Result "1-0"]
[WhiteElo "1877"]
[BlackElo "1570"]
[PlyCount "55"]
[EventDate "2010.11.14"]
[EventType "swiss"]
[EventRounds "8"]
[EventCountry "ESP"]
[SourceTitle "CBM 139 Extra"]
[Source "ChessBase"]
[SourceDate "2011.01.05"]
[SourceVersion "1"]
[SourceVersionDate "2011.01.05"]
[SourceQuality "1"]

1. e4 e5 2. Nf3 Nc6 3. d4 exd4 4. c3 dxc3 5. Nxc3 Bb4 6. Bc4 Nf6 7. e5 Bxc3+ 8. bxc3 Qe7 9. 0-0 Ng4 10. Re1 0-0 11. Qe2 Re8 12. Bg5 Qc5 13. Bf4 d6 14. Rad1 Bd7 15. Rd5 Qa3 16. h3 Ngxe5 17. Bxe5 Nxe5 18. Nxe5 Qxc3 19. Rd3 Qa5 20. Bxf7+ Kh8 21. Bxe8 Rxe8 22. Nf7+ Kg8 23. Re3 Rxe3 24. Qxe3 Kxf7 25. Qe7+ Kg6 26. Re3 Qf5 27. Rg3+ Kh5 28. Rxg7 1-0

[Event "Seville op 33rd"]
[Site "Seville"]
[Date "2008.01.05"]
[Round "1"]
[White "Bravo de los Santos, Francisco"]
[Black "Paunovic, Dragan"]
[Result "0-1"]
[WhiteElo "1900"]
[BlackElo "2522"]
[PlyCount "52"]
[EventDate "2008.01.05"]
[EventType "swiss"]
[EventRounds "9"]
[EventCountry "ESP"]
[SourceTitle "CBM 122 Extra"]
[Source "ChessBase"]
[SourceDate "2008.03.04"]
[SourceVersion "1"]
[SourceVersionDate "2008.03.04"]
[SourceQuality "1"]

1. e4 c5 2. d4 cxd4 3. c3 dxc3 4. Nxc3 Nc6 5. Nf3 e6 6. Bc4 a6 7. 0-0 Nge7 8. Bg5 f6 9. Bh4 Ng6 10. Bg3 Be7 11. Qe2 0-0 12. Rfd1 d6 13. a3 Kh8 14. Rd2 Nge5 15. Ba2 Nxf3+ 16. Qxf3 e5 17. Qd1 f5 18. f3 Nd4 19. Bf2 Bg5 20. Rd3 fxe4 21. Nxe4 Bf5 22. Nxg5 Qxg5 23. Rxd4 exd4 24. Qxd4 Rac8 25. Bg3 Rc1+ 26. Rxc1 Qxc1+ 0-1